Wordt geladen...

Cikshasamuccaya /

Bibliografische gegevens
Hoofdauteur: Cantideva
Taal:Undetermined
Gepubliceerd in: 1957
LEADER 00351nam a2200121Ia 4500
001 72386
008 170722s9999 xx 000 0 und d
100 |a Cantideva 
245 |a Cikshasamuccaya / 
260 |c 1957 
942 |c GEN 
999 |c 21783  |d 21783 
952 |0 1  |1 0  |4 0  |6 Q_42XD651_15J7  |7 0  |9 25709  |a LIB  |b LIB  |d 2017-08-12  |o Q42xD65,1 15J7  |p 63731  |r 2017-08-12  |w 2017-08-12  |y GEN